000
00188 a2200097 4500
020
_a
999248313
041
_a
spa
100
_a
MIGUEL CERVANTES
245
_a
DON QUIJOTE DE LA MANCHA
942
_c
BK
999
_c
77
_d
77